000 00301nam a22001097a 4500
003 OSt
008 250108b |||||||| |||| 00| 0 eng d
041 _aeng
245 _aPackage of Practices Recommendations 1981
260 _bDirector of Extension Education, Kerala Agricultural University
942 _cBK
999 _c18982
_d18982